Fr. Conceicao Rodrigues College of Engineering

Pumps Hydraulics Air Compressors (Record no. 28536)

MARC details
000 -LEADER
fixed length control field 00291nam a2200133Ia 4500
100 ## - MAIN ENTRY--PERSONAL NAME
Personal name Audels
245 ## - TITLE STATEMENT
Title Pumps Hydraulics Air Compressors
260 ## - PUBLICATION, DISTRIBUTION, ETC.
Name of publisher, distributor, etc. D.B. Tarapore vala
Place of publication, distribution, etc. Bombay
Date of publication, distribution, etc. 1964
300 ## - PHYSICAL DESCRIPTION
Extent 1006
546 ## - LANGUAGE NOTE
Language note ENGLISH
654 ## - SUBJECT ADDED ENTRY--FACETED TOPICAL TERMS
Focus term Air Compressors
942 ## - ADDED ENTRY ELEMENTS (KOHA)
Koha item type BOOK
Holdings
Withdrawn status Lost status Damaged status Not for loan Collection Home library Current library Shelving location Date acquired Total Checkouts Full call number Barcode Date last seen Price effective from Koha item type
        AFT Fr. Agnel's C.Rodrigues College of Engineering Fr. Agnel's C.Rodrigues College of Engineering   17/03/2023   AFT6748 17/03/2023 17/03/2023 BOOK